Tribhuvan University Central Library

खिर्सैन अधिकारीको वंश विवरण / (Record no. 110297)

MARC details
000 -LEADER
fixed length control field 00860nam a22002057a 4500
008 - FIXED-LENGTH DATA ELEMENTS--GENERAL INFORMATION
fixed length control field 230824b |||||||| |||| 00| 0 eng d
020 ## - INTERNATIONAL STANDARD BOOK NUMBER
International Standard Book Number 9789937138888
041 ## - LANGUAGE CODE
Language code of text/sound track or separate title Nep.
082 ## - DEWEY DECIMAL CLASSIFICATION NUMBER
Classification number N929.1/A564k
100 ## - MAIN ENTRY--PERSONAL NAME
Personal name अधिकारी, दामोदर/ Adhikari, Damodar
241 ## - ROMANIZED TITLE (BK AM CF MP MU VM)
Romanized title Khirsain Adhikariko Bansa bibaran
245 ## - TITLE STATEMENT
Title खिर्सैन अधिकारीको वंश विवरण /
Statement of responsibility, etc. दामोदरअधिकारी.
250 ## - EDITION STATEMENT
Edition statement दोस्रो संस्क.
260 ## - PUBLICATION, DISTRIBUTION, ETC.
Place of publication, distribution, etc. काभ्रेपलाञ्चोक:
Name of publisher, distributor, etc. खिर्सैन अधिकारी समाज,
Date of publication, distribution, etc. २०८० वि.
300 ## - PHYSICAL DESCRIPTION
Other physical details ३२४ पृ.
650 ## - SUBJECT ADDED ENTRY--TOPICAL TERM
Topical term or geographic name entry element खिर्सैन अधिकारी-वंशावली
650 ## - SUBJECT ADDED ENTRY--TOPICAL TERM
Topical term or geographic name entry element Biography
650 ## - SUBJECT ADDED ENTRY--TOPICAL TERM
Topical term or geographic name entry element Khirsain Adhikari- Bansawali
942 ## - ADDED ENTRY ELEMENTS (KOHA)
Source of classification or shelving scheme Dewey Decimal Classification
Koha item type General Collections
Holdings
Withdrawn status Lost status Source of classification or shelving scheme Damaged status Not for loan Home library Current library Shelving location Date acquired Total Checkouts Full call number Barcode Date last seen Price effective from Koha item type
    Dewey Decimal Classification     Tribhuvan University Central Library Tribhuvan University Central Library New Building 08/24/2023   N929.1/A564k G90760 08/24/2023 08/24/2023 General Collections
    Dewey Decimal Classification     Tribhuvan University Central Library Tribhuvan University Central Library New Building 08/24/2023   N929.1/A564k G90761 08/24/2023 08/24/2023 General Collections
    Dewey Decimal Classification     Tribhuvan University Central Library Tribhuvan University Central Library   09/20/2024   N929.1/A564k IS28868 09/20/2024 09/20/2024 General Collections
    Dewey Decimal Classification     Tribhuvan University Central Library Tribhuvan University Central Library   09/20/2024   N929.1/A564k IS28869 09/20/2024 09/20/2024 General Collections